000 01650nam a2200229Ia 4500
003 Ost
005 20260507075354.0
008 260507s9999||||xx |||||||||||||| ||und||
040 _cfsecg
041 _aara
082 _a330
100 _aحسن، صلاح
_eمؤلف
245 0 _aالتطورات والمتغيرات الإقتصادية الدولية :
_bدعم وتنمية المشروعات الصغيرة لحل مشاكل البطالة والفقر /
_c صلاح حسن
260 _aالقاهرة:
_bدار الكتاب الحديث,
_c2011
300 _a564 صفحة؛
_bإيضاحات ؛
_c24 سم
504 _aكشاف مصطلحات ص 426؛ المراجع ص437؛ الملاحق ص 442
520 _aالمشروعات المتناهية الصغر والصغيرة والمتوسطة، الأهمية والمزايا والأهداف- استراتيجيات وآليات دعم وتنمية وتعزيز القدرة التنافسية للمشروعات المتناهية الصغر والصغيرة والمتوسطة- التمويل والخدمات غير التمويلية للمشروعات المتناهية الصغر والصغيرة والمتوسطة- المشروعات المتناهية الصغر والصغيرة والمتوسطة المشاكل والمعوقات والتحديات، أسباب الفشل وعوامل النجاح- دراسات الجدوى الإقتصادية للمشروعات ونماذج استرشادية
653 _aالتطورات الإقتصادية
653 _aالمشاريع الإقتصادية
653 _aمشاريع التنمية
942 _cكتاب
999 _c44181
_d44181